| 000 | 00359nam a22001577a 4500 | ||
|---|---|---|---|
| 003 | CEME | ||
| 005 | 20210628203608.0 | ||
| 008 | 210203b xxu||||| |||| 00| 0 eng d | ||
| 040 | _c. | ||
| 082 | _a297.86 MUH | ||
| 100 |
_aMuhammad Mateen _966458 |
||
| 245 | _aSuboot hazir hain | ||
| 260 |
_aLAHORE _bAL FAISAL _c2001 |
||
| 300 | _a682P | ||
| 942 |
_cBK _2ddc |
||
| 999 |
_c574430 _d574430 |
||